Strategic management : (Record no. 12177)
[ view plain ]
| 000 -LEADER | |
|---|---|
| fixed length control field | 00734cam a22002172 4500 |
| 001 - CONTROL NUMBER | |
| control field | 0000021300 |
| 005 - DATE AND TIME OF LATEST TRANSACTION | |
| control field | 20151217155231.0 |
| 008 - FIXED-LENGTH DATA ELEMENTS--GENERAL INFORMATION | |
| fixed length control field | 120312s xx 000 0 eng d |
| 020 ## - INTERNATIONAL STANDARD BOOK NUMBER | |
| International Standard Book Number | 00740264380 : |
| Terms of availability | KES 1995 |
| 040 ## - CATALOGING SOURCE | |
| Original cataloging agency | KABU |
| Transcribing agency | KABU |
| 100 1# - MAIN ENTRY--PERSONAL NAME | |
| Personal name | Pearce, John A. |
| -- | 0000150621 |
| 245 10 - TITLE STATEMENT | |
| Title | Strategic management : |
| Remainder of title | formulation, implementation and control / |
| Statement of responsibility, etc. | John A. Pearce, Richard B. Robinson, Amita Mital. |
| 250 ## - EDITION STATEMENT | |
| Edition statement | 10th Special Indian ed. |
| 260 ## - PUBLICATION, DISTRIBUTION, ETC. (IMPRINT) | |
| Place of publication, distribution, etc. | New Delhi : |
| Name of publisher, distributor, etc. | McGraw-Hill, |
| Date of publication, distribution, etc. | 2007. |
| 300 ## - PHYSICAL DESCRIPTION | |
| Extent | xxvi, 788 p. |
| 650 #0 - SUBJECT ADDED ENTRY--TOPICAL TERM | |
| Topical term or geographic name as entry element | Strategic planning. |
| -- | 0000150576 |
| 700 1# - ADDED ENTRY--PERSONAL NAME | |
| Personal name | Robinson, Richard B. |
| -- | 0000150622 |
| 852 1# - LOCATION | |
| -- | p3820 KES |
| 908 ## - PUT COMMAND PARAMETER (RLIN) | |
| Put command parameter | 120312 |
| 950 ## - LOCAL HOLDINGS (RLIN) | |
| -- | 1 |
| Withdrawn status | Lost status | Source of classification or shelving scheme | Not for loan | Home library | Current library | Date acquired | Total Checkouts | Total Renewals | Full call number | Barcode | Date last seen | Date last checked out | Price effective from | Koha item type |
|---|---|---|---|---|---|---|---|---|---|---|---|---|---|---|
| Library of Congress Classification | Kabarak, Main Campus | Kabarak, Main Campus | 17/12/2015 | 9 | 2 | HD30.28 .P43 2007b c. 1 | 20747 | 02/08/2024 | 17/10/2022 | 17/12/2015 | General Collection |